01361nam a2200337 a 4500001001200000003000800012006001900020007001500039008004100054010001700095020003800112020003500150040002100185035002100206050002700227082001400254100002300268245011700291250001200408260006000420300007600480504006400556533015200620650002000772650002300792655002900815700001900844710001700863856012600880999001701006ebr10224996CaPaEBRm u cr cn|||||||||070425s2007 ne abf sb 001 0 eng  z 2007017124 z9780123706058 (pbk. : alk. paper) z012370605X (pbk. : alk. paper) aCaPaEBRcCaPaEBR a(OCoLC)22814834314aQH541.5.F6bW34 2007eb04a577.32221 aWaring, Richard H.10aForest ecosystemsh[electronic resource] :banalysis at multiple scales /cRichard H. Waring, Steven W. Running. a3rd ed. aAmsterdam ;aBoston :bElsevier/Academic Press,cc2007. axviii, 420 p., [25] p. of plates :bill. (some col.), maps (some col.). aIncludes bibliographical references (p. 347-408) and index. aElectronic reproduction.bPalo Alto, Calif. :cebrary,d2013.nAvailable via World Wide Web.nAccess may be limited to ebrary affiliated libraries. 0aForest ecology. 0aForest management. 7aElectronic books.2local1 aRunning, S. W.2 aebrary, Inc.40uhttp://site.ebrary.com/lib/rucke/Doc?id=10224996zAn electronic book accessible through the World Wide Web; click to view c26753d26753